000 00310nam a22001097a 4500
082 _a334.7 JIN
100 _aWang Jing Xu Yanjun
245 _aShake Hands with the Ambassador
_cWang Jing Xu Yanjun Wang Ke Tang Jun
300 _a137p
942 _2ddc
_cBK
999 _c541261
_d541261